书目信息 |
| 题名: |
现代市场调查与预测
|
|
| 作者: | 马连福 主编 | |
| 分册: | ||
| 出版信息: | 北京 首都经济贸易大学出版社 2005 |
|
| 页数: | 332页 | |
| 开本: | 23cm | |
| 丛书名: | ||
| 单 册: | ||
| 中图分类: | F713.52 | |
| 科图分类: | ||
| 主题词: | 市场--调查--高等学校--教材 , 市场预测--高等学校--教材 , 市场 , 市场预测 | |
| 电子资源: | ||
| ISBN: | 978-7-5638-0965-3 | |
| 000 | 00989nam0 2200277 45 | |
| 005 | 20100303110756.54 | |
| 010 | @a978-7-5638-0965-3@dCNY28.00 | |
| 100 | @a20100120e20082005em y0chiy0120 ea | |
| 101 | 0 | @achi |
| 102 | @aCN@b110000 | |
| 105 | @ay z 000yy | |
| 106 | @ar | |
| 200 | 1 | @a现代市场调查与预测@AXian Dai Shi Chang Diao Cha Yu Yu Ce@f马连福主编@FMa Lian Fu Zhu Bian |
| 205 | @a2版@b修订本 | |
| 210 | @a北京@c首都经济贸易大学出版社@d2005@h2008 | |
| 215 | @a332页@d23cm | |
| 300 | @a高等院校经济与管理核心课经典系列教材 | |
| 330 | @a本书内容包括:市场调查的充要性、市场调查的基本内涵、市场调查策划、调查方法、调查方式、调查表的设计、调查资料的整理与分析,市场预测基本原理和方法,以及市场信息系统等内容。 | |
| 606 | 0 | @a市场@x调查@x高等学校@j教材 |
| 606 | 0 | @a市场预测@x高等学校@j教材 |
| 606 | 0 | @a市场 |
| 606 | 0 | @a市场预测 |
| 690 | @aF713.52@v4 | |
| 701 | 0 | @a马连福@AMa Lian Fu@4主编 |
| 801 | 0 | @aCN@bTANGWEI@c20100303 |
| 905 | @b0584539-43@dF713.52@e476=2@f5 | |
| 现代市场调查与预测/马连福主编.-2版,修订本.-北京:首都经济贸易大学出版社,2005(2008) |
| 332页;23cm |
| 高等院校经济与管理核心课经典系列教材 |
| ISBN 978-7-5638-0965-3:CNY28.00 |
| 本书内容包括:市场调查的充要性、市场调查的基本内涵、市场调查策划、调查方法、调查方式、调查表的设计、调查资料的整理与分析,市场预测基本原理和方法,以及市场信息系统等内容。 |
| ● |
| 相关链接 |
|
|
|
|
正题名:现代市场调查与预测
索取号:F713.52/476=2
 
预约/预借
| 序号 | 登录号 | 条形码 | 馆藏地/架位号 | 状态 | 备注 |
| 1 | 0584539 | 205845399 | 第一样本阅览室/ [索取号:F713.52/476=2] | 在馆 | |
| 2 | 0584540 | 205845406 | 密集书库-海洋学院/ [索取号:F713.52/476=2] | 在馆 | |
| 3 | 0584541 | 205845415 | 第一借阅区/ [索取号:F713.52/476=2] | 在馆 | |
| 4 | 0584542 | 205845424 | 第一借阅区/ [索取号:F713.52/476=2] | 在馆 | |
| 5 | 0584543 | 205845433 | 第一借阅区/ [索取号:F713.52/476=2] | 在馆 |